| 000 | 00000nam##2200000za#4500 |
| 001 | 9.574374 |
| 003 | CaOODSP |
| 005 | 20210624184143 |
| 007 | cr ||||||||||| |
| 008 | 150406|2009||||xxc|||||o f|0| 0 eng|d |
| 022 | |a1488-5379 |
| 040 | |aCaOODSP|beng |
| 043 | |an-cn--- |
| 086 | 1 |aFs97-6/2765E-PDF |
| 110 | 1 |aCanada. |bDepartment of Fisheries and Oceans. |
| 245 | 13|aAn investigation into ageing methods for horse clams (Tresus nuttallii and T. capax) / |h[electronic resource]|cby B. N. Campbell, J. B. Groot and S. M. Mahannah. |
| 260 | |aNanaimo - British Columbia : |bFisheries and Oceans Canada |c2009. |
| 300 | |a31p.|bfig., graphs, references, tables, photographs |
| 490 | 1 |aCanadian technical report of fisheries and aquatic sciences|x1488-5379|v2765 |
| 500 | |aThe catalogue number (Fs97-6/2765E) and ISSN (0706-6457) for the print edition have been incorrectly copied in this electronic publication. |
| 546 | |a(Résumé en français) |
| 590 | |a12-33-Supp|b2012-07-18 |
| 720 | 1 |aGroot, J.B. |
| 720 | 1 |aMahannah, S.M. |
| 720 | 1 |aCampbell, B. N. |
| 776 | 0#|tAn investigation into ageing methods for horse clams (Tresus nuttallii and T. capax) / |w(CaOODSP)9.619349 |
| 830 | #0|aCanadian technical report of fisheries and aquatic sciences,|x1488-5379|v2765|w(CaOODSP)9.504449 |
| 856 | 40|ahttp://publications.gc.ca|qPDF|s416 KB|uhttps://publications.gc.ca/collections/collection_2012/mpo-dfo/Fs97-6-2765-eng.pdf|y2765 |